Tratado de química fisiológica

Guardat en:
Dades bibliogràfiques
Autor principal: Edlbacher, S (Autor)
Format: Llibre
Idioma:espanyol
Publicat: Madrid Aguilar 1958
Matèries:
Etiquetes: Afegir etiqueta
Sense etiquetes, Sigues el primer a etiquetar aquest registre!

MARC

LEADER 00000nam a2200000 a 4500
001 UCT2209
003 CL-VaPUC
008 961011e19580000SP |||||||||||||||||spa|d
082 0 4 |a 572  |b EDL  |2 21 
100 0 |a Edlbacher, S  |e author  |9 371264 
245 1 0 |a Tratado de química fisiológica 
300 |a 883 p 
942 |c BK 
945 |d 19961011 00:00:00  |a cmena 
260 |a Madrid  |b Aguilar  |c 1958 
650 0 |a Bioquímica   |9 259492 
650 7 |a FISIOLOGIA  |2 CL-VaPUC  |9 371265 
650 0 |a Química  |9 259896 
650 0 |a Metabolismo  |9 259893 
650 0 |a Química física  |9 260596 
650 7 |a FENOMENOS BIOQUIMICOS  |2 CL-VaPUC  |9 360969 
583 |a last modification  |c 19961011 00:00:00  |k Rodrigo Vera 
999 |c 252420  |d 252418 
952 |0 0  |1 0  |4 0  |6 572_000000000000000_EDL_1958  |7 0  |8 A  |9 272273  |a BIBCUR  |b BIBCUR  |d 2019-11-19  |i 1762060  |o 572 EDL 1958  |p 1762060  |r 2025-04-22  |w 2019-11-19  |y BK  |k BCB